Personnages dans la série Desperate Housewives - Statistiques

Statistiques générales
  • Ce quiz a été pris 3 448 fois
  • Le résultat moyen est 36 sur 70
Statistiques - réponses
Par images Réponse % Correct
Bree Van De Kamp
99%
Gabrielle Solis
98%
Lynette Scavo
97%
Susan Mayer
97%
Mary Alice Young
92%
Carlos Solis
91%
Mike Delfino
90%
Tom Scavo
90%
Edie Britt
89%
Julie Mayer
87%
Orson Hodge
84%
Juanita Solis
83%
Andrew Van De Kamp
80%
Paul Young
78%
Katherine Mayfair
77%
Karl Mayer
76%
Maynard James Delfino
76%
Renée Perry
74%
Rex Van De Kamp
74%
Karen McCluskey
73%
Porter Scavo
72%
Preston Scavo
72%
Danielle Van De Kamp
71%
John Rowland
71%
Penny Scavo
68%
Parker Scavo
66%
Lee McDermott
63%
Zach Young
63%
Angie Bolen
60%
Celia Solis
59%
Dave Williams
57%
Betty Applewhite
56%
Bob Hunter
53%
Juanita Solis
52%
Kayla Huntington Scavo
52%
George Williams
50%
Martha Huber
49%
Eddie Orlofsky
47%
Felicia Tilman
45%
Victor Lang
42%
Beth Young
39%
Dylan Mayfair
37%
Caleb Applewhite
36%
Alejandro Perez
35%
Ana Solis
35%
Ben Faulkner
34%
Alma Hodge
33%
Danny Bolen
33%
Ian Hainsworth
33%
Nick Bolen
32%
Matthew Applewhite
30%
Ida Greenberg
28%
Chuck Vance
27%
Jackson Braddock
27%
Austin McCann
26%
Keith Watson
24%
Roy Bender
23%
Adam Mayfair
21%
Robin Gallagher
20%
Gloria Hodge
18%
Patrick Logan
18%
Eli Scruggs
17%
Jane Carlson
17%
Wayne Davis
16%
Xiao-Mei
16%
Justin
14%
Trip Weston
11%
Roberta Simmons
10%
Art Shepard
9%
Mitzi Kinsky
5%
Aucun quiz correspondant
Distribution des résultats
% des personnes avec chaque résultat
Percentile par nombre de réponses
Votre historique - résultats
Vous n’avez pas pris ce quiz